书目信息 |
| 题名: |
金工实习
|
|
| 作者: | 张克义 , 张兰 主编 | |
| 分册: | ||
| 出版信息: | 北京 北京理工大学出版社 2007.02 |
|
| 页数: | 227页 | |
| 开本: | 23cm | |
| 丛书名: | ||
| 单 册: | ||
| 中图分类: | TG-45 | |
| 科图分类: | ||
| 主题词: | 金属加工--jin shu jia gong--实习--高等学校--教材 | |
| 电子资源: | ||
| ISBN: | 978-7-5640-0986-1 | |
| 000 | 00901nam0 2200265 450 | |
| 001 | 012008979140 | |
| 005 | 20080526103339.84 | |
| 010 | @a978-7-5640-0986-1@dCNY27.00 | |
| 100 | @a20080524d2007 em y0chiy0120 ea | |
| 101 | 0 | @achi |
| 102 | @aCN@b110000 | |
| 105 | @aa a 000yy | |
| 106 | @ar | |
| 200 | 1 | @a金工实习@Ajin gong shi xi@f张克义, 张兰主编@Fzhang ke yi,zhang lan zhu bian |
| 210 | @a北京@c北京理工大学出版社@d2007.02 | |
| 215 | @a227页@c图@d23cm | |
| 300 | @a21世纪高等学校应用型规划教材 | |
| 320 | @a有书目 | |
| 330 | @a金工实习是高等工科院校各专业学生必修的一门实践性很强的技术基础课。本书的内容主要有:铸造、锻压、焊接、切削加工基本知识等。 | |
| 606 | 0 | @a金属加工@Ajin shu jia gong@x实习@x高等学校@j教材 |
| 690 | @aTG-45@v4 | |
| 701 | 0 | @a张克义@Azhang ke yi@4主编 |
| 701 | 0 | @a张兰@Azhang lan@4主编 |
| 801 | 0 | @aCN@bQSSK@c20080526 |
| 905 | @b713684-86@dTG-45@eZ138@f3 | |
| 金工实习/张克义, 张兰主编.-北京:北京理工大学出版社,2007.02 |
| 227页:图;23cm |
| 21世纪高等学校应用型规划教材 |
| ISBN 978-7-5640-0986-1:CNY27.00 |
| 金工实习是高等工科院校各专业学生必修的一门实践性很强的技术基础课。本书的内容主要有:铸造、锻压、焊接、切削加工基本知识等。 |
| ● |
| 相关链接 |
|
|
|
正题名:金工实习
索取号:TG-45/Z138
 
预约/预借
| 序号 | 登录号 | 条形码 | 馆藏地/架位号 | 状态 | 备注 |
| 1 | 713684 | 207136847 | 自科库501/501自科库 24排1列4层/ [索取号:TG-45/Z138] | 在馆 | |
| 2 | 713685 | 207136856 | 自科库501/501自科库 24排1列4层/ [索取号:TG-45/Z138] | 在馆 | |
| 3 | 713686 | 207136865 | 自科库501/501自科库 24排1列4层/ [索取号:TG-45/Z138] | 在馆 |